Segmentácia komoditného agroobchodu SR v členstve EÚ
Komoditný agroobchod vstupom SR do EÚ sa stal súčasťou vnútorného trhu EÚ, s plným rešpektovaním priestoru bez vnútorných hraníc. Agroobchod tak musí rešpektovať úniovú teritoriálnu štrukturalizáciu a s obchodom súvisiacu negociáciu záverov Kodaňského summitu. Vstupom do EÚ sa teritoriálna orientáci...
Salvato in:
| Autore principale: | |
|---|---|
| Natura: | Capitolo di libro |
| Lingua: | slovacco |
| Soggetti: | |
| Tags: |
Nessun Tag, puoi essere il primo ad aggiungerne!!
|
MARC
| LEADER | 00000naa$a2200000$$$4500 | ||
|---|---|---|---|
| 001 | 0043514 | ||
| 005 | 20221207085127.1 | ||
| 041 | 0 | |a slo | |
| 044 | |a SK | ||
| 245 | 1 | 0 | |a Segmentácia komoditného agroobchodu SR v členstve EÚ |c Alojz Podolák |
| 520 | |a Komoditný agroobchod vstupom SR do EÚ sa stal súčasťou vnútorného trhu EÚ, s plným rešpektovaním priestoru bez vnútorných hraníc. Agroobchod tak musí rešpektovať úniovú teritoriálnu štrukturalizáciu a s obchodom súvisiacu negociáciu záverov Kodaňského summitu. Vstupom do EÚ sa teritoriálna orientácia SR na vnútornom obchode vo vývoze a dovoze zvýšila z 35 percent na 85 percent a saldo SR dosahuje až 90 percent. Postavenie agrokomodít v medzinárodnom obchode. Výkonnosť agroobchodu po vstupe SR do EÚ je prezentovaná vyššou funkčnou otvorenosťou, zvýšenou exportnou výkonnosťou a stabilizovanou dovoznou náročnosťou. | ||
| 610 | 2 | 0 | |a poľnohospodárstvo |
| 610 | 2 | 0 | |a obchod zahraničný |
| 610 | 2 | 0 | |a komodity |
| 610 | 2 | 0 | |a Slovensko |
| 610 | 2 | 0 | |a Európska únia |
| 100 | 1 | |a Podolák, Alojz | |